00475nam a2200133 a 450000100100000000500170001000800410002704000250006808200090009311000240010224501190012626000660024530000300031100000507620200929151555.0090729s1961 dr c 000 0 spa d aDO-SdBNPbspacBNPHU axxxx2 aPartido Dominicano.10aResolución y mensaje de la Convención Nacional del Partido Dominicano, celebrada el día 1ro. de julio, 1961. aCiudad Trujillo, República Dominicana :bDominicana,c1961. a89 p. :bretrs. ;c22 cm.